<?xml version="1.0" encoding="UTF-8"?>
<record
    xmlns:xsi="http://www.w3.org/2001/XMLSchema-instance"
    xsi:schemaLocation="http://www.loc.gov/MARC21/slim http://www.loc.gov/standards/marcxml/schema/MARC21slim.xsd"
    xmlns="http://www.loc.gov/MARC21/slim">

  <leader>00723nam a2200181Ia 4500</leader>
  <controlfield tag="008">151018s9999    xx            000 0 und d</controlfield>
  <datafield tag="082" ind1=" " ind2=" ">
    <subfield code="b">RBASDV6108</subfield>
    <subfield code="a">891.461</subfield>
  </datafield>
  <datafield tag="100" ind1=" " ind2=" ">
    <subfield code="a">&#x928;&#x930;&#x939;&#x930; &#x917;&#x923;&#x947;&#x936; &#x91C;&#x94B;&#x936;&#x940;</subfield>
  </datafield>
  <datafield tag="245" ind1=" " ind2=" ">
    <subfield code="a">&#x938;&#x93E;&#x930;&#x94D;&#x925; &#x938;&#x902;&#x926;&#x940;&#x92A; &#x92E;&#x939;&#x93E;&#x92D;&#x93E;&#x930;&#x924; &#x92D;&#x93E;&#x917; &#x96E; &#x935;&#x93E;</subfield>
  </datafield>
  <datafield tag="250" ind1=" " ind2=" ">
    <subfield code="b">1</subfield>
  </datafield>
  <datafield tag="260" ind1=" " ind2=" ">
    <subfield code="b">&#x926;&#x93E;&#x92E;&#x94B;&#x926;&#x930; &#x938;&#x93E;&#x935;&#x933;&#x93E;&#x930;&#x93E;&#x92E; &#x927;&#x902;&#x926;&#x947;</subfield>
    <subfield code="c">1937</subfield>
  </datafield>
  <datafield tag="300" ind1=" " ind2=" ">
    <subfield code="a">70</subfield>
  </datafield>
  <datafield tag="600" ind1=" " ind2=" ">
    <subfield code="a">&#x928;&#x930;&#x939;&#x930; &#x917;&#x923;&#x947;&#x936; &#x91C;&#x94B;&#x936;&#x940;</subfield>
  </datafield>
  <datafield tag="630" ind1=" " ind2=" ">
    <subfield code="a">&#x938;&#x93E;&#x930;&#x94D;&#x925; &#x938;&#x902;&#x926;&#x940;&#x92A; &#x92E;&#x939;&#x93E;&#x92D;&#x93E;&#x930;&#x924; &#x92D;&#x93E;&#x917; &#x96E; &#x935;&#x93E;</subfield>
  </datafield>
  <datafield tag="700" ind1=" " ind2=" ">
    <subfield code="a">&#x928;&#x930;&#x939;&#x930; &#x917;&#x923;&#x947;&#x936; &#x91C;&#x94B;&#x936;&#x940;</subfield>
  </datafield>
  <datafield tag="730" ind1=" " ind2=" ">
    <subfield code="a">&#x938;&#x93E;&#x930;&#x94D;&#x925; &#x938;&#x902;&#x926;&#x940;&#x92A; &#x92E;&#x939;&#x93E;&#x92D;&#x93E;&#x930;&#x924; &#x92D;&#x93E;&#x917; &#x96E; &#x935;&#x93E;</subfield>
  </datafield>
  <datafield tag="942" ind1=" " ind2=" ">
    <subfield code="c">BOOK</subfield>
  </datafield>
  <datafield tag="999" ind1=" " ind2=" ">
    <subfield code="c">1008486</subfield>
    <subfield code="d">1008483</subfield>
  </datafield>
  <datafield tag="952" ind1=" " ind2=" ">
    <subfield code="0">0</subfield>
    <subfield code="1">0</subfield>
    <subfield code="4">0</subfield>
    <subfield code="7">0</subfield>
    <subfield code="a">RBASDV</subfield>
    <subfield code="b">RBASDV</subfield>
    <subfield code="d">1966-04-17</subfield>
    <subfield code="g">8.50</subfield>
    <subfield code="l">0</subfield>
    <subfield code="o">RBASDV6108</subfield>
    <subfield code="p">RBASDV6108</subfield>
    <subfield code="r">2015-10-18 00:00:00</subfield>
    <subfield code="v">8.50</subfield>
    <subfield code="w">2015-10-18</subfield>
    <subfield code="y">BOOK</subfield>
  </datafield>
</record>
